Докембрийские тиллиты и тиллоиды (проблемы докембрийских оледенений)

Bibliografiske detaljer
Hovedforfatter: Чумаков Н. М. Николай Михайлович
Institution som forfatter: Академия наук СССР (АН СССР) Геологический институт (ГИН)
Summary:Монография представляет собой первую сводку справочного характера по результатам изучения как породообразующих минералов самих рудоносных дифференцированных трапповых интрузий, так и большого разнообразия минералов метаморфических, метасоматических и гидротермальных образований, связанных с этими интрузиями Норильского района. Помимо обширных собственных данных, полученных на базе сотен химических, рентгеновских, термографических, спектральных анализов и других исследований, учтен практически весь литературный материал по описанию отдельных минералов из этих интереснейших в минералогическом отношении объектов. Описание сопровождается характеристикой нахождения и особенностей генезиса. Стержнем последовательного изложения материала являются условия генезиса минералов —от магматических до низкотемпературных метасоматических и гидротермальных. Представляет интерес для минералогов, петрографов, геологов широкого профиля и студентов старших курсов геологических факультетов
Sprog:russisk
Udgivet: Москва, Наука, 1978
Serier:Труды геологического института (ГИН) Вып. 308
Fag:
Format: Bog
KOHA link:https://koha.lib.tpu.ru/cgi-bin/koha/opac-detail.pl?biblionumber=370832

MARC

LEADER 00000nam0a2200000 4500
001 370832
005 20231102012323.0
035 |a (RuTPU)RU\TPU\retro\28241 
035 |a RU\TPU\retro\26540 
090 |a 370832 
100 |a 20220805d1978 k y0rusy50 ca 
101 0 |a rus 
102 |a RU 
105 |a a z 001zy 
200 1 |a Докембрийские тиллиты и тиллоиды (проблемы докембрийских оледенений)  |f Н. М. Чумаков  |g Академия наук СССР (АН СССР), Геологический институт (ГИН) 
210 |a Москва  |c Наука  |d 1978 
215 |a 202 с.  |c ил. 
225 1 |a Труды геологического института (ГИН)  |v Вып. 308 
320 |a Библиогр.: с. 170-187 
330 |a Монография представляет собой первую сводку справочного характера по результатам изучения как породообразующих минералов самих рудоносных дифференцированных трапповых интрузий, так и большого разнообразия минералов метаморфических, метасоматических и гидротермальных образований, связанных с этими интрузиями Норильского района. Помимо обширных собственных данных, полученных на базе сотен химических, рентгеновских, термографических, спектральных анализов и других исследований, учтен практически весь литературный материал по описанию отдельных минералов из этих интереснейших в минералогическом отношении объектов. Описание сопровождается характеристикой нахождения и особенностей генезиса. Стержнем последовательного изложения материала являются условия генезиса минералов —от магматических до низкотемпературных метасоматических и гидротермальных. Представляет интерес для минералогов, петрографов, геологов широкого профиля и студентов старших курсов геологических факультетов 
606 1 |a Докембрийские отложения  |2 stltpush  |3 (RuTPU)RU\TPU\subj\9862  |9 37021 
610 1 |a оледенение 
610 1 |a тиллиты 
610 1 |a тиллоиды 
610 1 |a диагностика 
610 1 |a Евразия 
610 1 |a Шпицберген 
610 1 |a Норвегия 
610 1 |a Урал 
610 1 |a Швеция 
610 1 |a Шотландия 
610 1 |a Ирландия 
610 1 |a Средняя Азия 
610 1 |a Казахстан 
610 1 |a Сибирь 
610 1 |a стратиграфическое значение 
675 |a 551.71/.72  |v 3 
700 1 |a Чумаков  |b Н. М.  |g Николай Михайлович 
712 0 2 |a Академия наук СССР (АН СССР)  |b Геологический институт (ГИН)  |c (Москва)  |2 stltpush  |3 (RuTPU)RU\TPU\col\11354 
801 1 |a RU  |b 63413507  |c 20150211 
801 2 |a RU  |b 63413507  |c 20220808  |g RCR 
942 |c BK